Poison Type Pokemon - Statistics

General Stats
  • This quiz has been taken 1,449 times
    799 since last reset
  • The average score is 54 of 70
Answer Stats
Region Pokemon % Correct
Kanto Bulbasaur
96%
Ivysaur
96%
Venusaur
96%
Beedrill
93%
Koffing
93%
Weedle
93%
Arbok
92%
Ekans
92%
Kakuna
92%
Muk
92%
Weezing
92%
Galar Weezing (Galarian Form)
92%
Gloom
91%
Grimer
91%
Oddish
91%
Nidoking
90%
Nidoqueen
90%
Nidoran (Female)
90%
Nidoran (Male)
90%
Nidorina
90%
Vileplume
90%
Nidorino
89%
Venomoth
88%
Venonat
88%
Bellsprout
86%
Golbat
86%
Weepinbell
86%
Zubat
86%
Victreebel
85%
Crobat
82%
Gastly
82%
Gengar
82%
Haunter
82%
Tentacool
78%
Tentacruel
78%
Johto Spinarak
76%
Ariados
75%
Croagunk
75%
Toxicroak
75%
Trubbish
75%
Garbodor
74%
Scolipede
74%
Unova Venipede
74%
Whirlipede
74%
Skuntank
72%
Stunky
72%
Drapion
70%
Skorupi
70%
Dragalge
66%
Gulpin
66%
Roserade
65%
Kalos Skrelp
65%
Swalot
65%
Dustox
64%
Sinnoh Budew
63%
Qwilfish
63%
Roselia
63%
Salandit
63%
Salazzle
63%
Seviper
63%
Toxapex
62%
Poipole
61%
Naganadel
59%
Toxel
59%
Toxtricity
59%
Alola Mareanie
58%
Eternatus
56%
Foongus
50%
Nihilego
50%
Amoonguss
49%
No matching quizzes found
Score Distribution
Percent of People with Each Score
Percentile by Number Answered
Your Score History
You have not taken this quiz since the last reset